000 00527nam a2200193 4500
003 LK-CoMWRAF
005 20240212134024.0
008 231118b2005 |||||||| |||| 00| 0 eng d
020 _a8172542704
040 _aLK-CoMWRAF
_dLK-CoMWRAF
_eLK-CoMWRAF
041 _aeng
041 _atam
082 _a494.811
_bSUP
245 _aNew supreme English-English-Tamil dictionary
260 _aChennai:
_bSura college of competition,
_c2005
300 _axiv., 1184 p.
650 _aEnglish-English-Tamil-Dictionaries
942 _cBK
999 _c4130
_d4130